000 00693nas a2200229 4500
001 BR0807147
003 BR-BrBNA
005 20231205112209.0
007 ta
008 230509b bl.|||p| |||| 00| 00por d
040 _aBR-BrBNA
_bpor
_cBiblioteca Nacional de Agricultura
041 _a(Pt)
072 _aH10
100 1 _aWarwick, D.R.N.
245 1 _aInfluência dos fitopatógenos na cadeia produtiva do coqueiro
650 _aPRAGA DE PLANTA
650 _aCOQUEIRO
650 _aCADEIA PRODUTIVA
773 0 _tFitopatologia Brasileira (Brazil)
_xISSN 0100-4158
_g(Aug 2000), v. 25(suppl.) p. 298-302
_wBR0807147
909 _a202311
_bLúcia
_c55
_dLúcia Elande
942 _2AGRIS
_n0
_cANA
999 _c196663
_d196663